[Event "Rated Rapid game"]
[Site "?"]
[Date "2021.06.24"]
[Round "?"]
[White "Fight-chess"]
[Black "IndioBrasileiro"]
[Result "1-0"]
[WhiteElo "2617"]
[BlackElo "2505"]
[PlyCount "147"]
[EventDate "2021.??.??"]
[EventType "rapid"]

1. e4 e5 2. Nf3 Nc6 3. c3 Nf6 4. d4 Nxe4 5. d5 Ne7 6. Nxe5 a6 7. Bd3 Nf6 8. c4
d6 9. Nf3 Bg4 10. Bg5 Ng6 11. O-O Be7 12. Nbd2 O-O 13. Be3 Nh5 14. h3 Bd7 15.
Re1 Nhf4 16. Bf1 Bf6 17. Qc2 Qc8 18. Rad1 Bf5 19. Qb3 a5 20. Bd4 a4 21. Qc3
Bxd4 22. Nxd4 Ne5 23. N2f3 Nfg6 24. Nxf5 Qxf5 25. Nd4 Qd7 26. g3 Ne7 27. Re3
Nf5 28. Nxf5 Qxf5 29. Rde1 a3 30. b3 b6 31. f4 Ng6 32. Kg2 Qd7 33. Be2 Rfe8 34.
Bg4 f5 35. Rxe8+ Rxe8 36. Bxf5 Qd8 37. Be6+ Kh8 38. Qb4 Qf6 39. Qxa3 Qc3 40.
Qc1 Qd4 41. Qe3 Qb2+ 42. Re2 Qa1 43. h4 Nf8 44. Qf2 h6 45. Bf5 Ra8 46. g4 g6
47. Bd3 Qc3 48. Be4 Qc1 49. g5 hxg5 50. fxg5 Qc3 51. Qf7 Qd4 52. h5 gxh5 53.
Qxh5+ Kg8 54. Qh4 Ng6 55. Qh2 Nf8 56. Qf4 Ng6 57. Qh2 Nf8 58. g6 b5 59. cxb5
Qf6 60. Rf2 Qg5+ 61. Qg3 Qxg3+ 62. Kxg3 Rb8 63. a4 Rd8 64. Rf7 Rd7 65. Rxd7
Nxd7 66. a5 Kg7 67. Kf3 Kf6 68. Kf4 Nc5 69. Bc2 Nd7 70. b4 Nb8 71. b6 cxb6 72.
axb6 Nd7 73. b7 Nb8 74. Ke3 {Time forfeit} 1-0

[Event "Rated Blitz game"]
[Site "?"]
[Date "2021.06.24"]
[Round "?"]
[White "Buzilo"]
[Black "blerimi"]
[Result "1-0"]
[WhiteElo "2410"]
[BlackElo "2340"]
[PlyCount "25"]
[EventDate "2021.??.??"]
[EventType "blitz"]

1. e4 e5 2. Nf3 Nc6 3. c3 d5 4. Qa4 dxe4 5. Nxe5 Bd7 6. Nxd7 Qxd7 7. Qxe4+ Be7
8. d4 Nf6 9. Qf3 O-O-O 10. Bd3 h6 11. Bf5 Bd6 12. Bxd7+ Rxd7 13. O-O {Normal}
1-0

[Event "Rated Blitz game"]
[Site "?"]
[Date "2021.06.24"]
[Round "?"]
[White "mandarria"]
[Black "Ayosi"]
[Result "1-0"]
[WhiteElo "2445"]
[BlackElo "2406"]
[PlyCount "63"]
[EventDate "2021.??.??"]
[EventType "blitz"]

1. e4 e5 2. Nf3 Nc6 3. c3 d5 4. Qa4 dxe4 5. Nxe5 Qd5 6. Nxc6 bxc6 7. Bc4 Qd6 8.
O-O Nf6 9. d3 exd3 10. Bf4 Qc5 11. Nd2 Bd7 12. Rfe1+ Be7 13. b4 Qf5 14. Bxc7
Kf8 15. Re5 Qg6 16. Rae1 Bd8 17. Bd6+ Kg8 18. Qb3 h5 19. Nf3 Ng4 20. Re8+ Bxe8
21. Rxe8+ Kh7 22. Bxf7 Qxd6 23. Re6 Qf4 24. Bg6+ Kh6 25. Be4+ Nf6 26. h4 Bc7
27. g3 Qc1+ 28. Kg2 d2 29. Rxf6+ gxf6 30. Qf7 Qh1+ 31. Kxh1 d1=Q+ 32. Kg2 {
Time forfeit} 1-0

[Event "Rated Blitz game"]
[Site "?"]
[Date "2021.06.24"]
[Round "?"]
[White "Zadokhlik"]
[Black "forocoches"]
[Result "0-1"]
[WhiteElo "2455"]
[BlackElo "2437"]
[PlyCount "45"]
[EventDate "2021.??.??"]
[EventType "blitz"]

1. e4 e5 2. Nf3 Nc6 3. c3 Nf6 4. d3 d5 5. Nbd2 Bc5 6. Be2 O-O 7. b4 Bb6 8. Bb2
a6 9. O-O Re8 10. a3 Nh5 11. g3 Bh3 12. Re1 dxe4 13. dxe4 Qf6 14. c4 Nd4 15. c5
Nxe2+ 16. Qxe2 Nf4 17. Qc4 Ba7 18. Re3 Rad8 19. Nf1 Ne6 20. Bxe5 Qg6 21. Nh4
Qg4 22. f3 Qh5 23. Rd3 {Normal} 0-1

[Event "Rated Blitz game"]
[Site "?"]
[Date "2021.06.24"]
[Round "?"]
[White "Zadokhlik"]
[Black "grongwane"]
[Result "1-0"]
[WhiteElo "2422"]
[BlackElo "2335"]
[PlyCount "37"]
[EventDate "2021.??.??"]
[EventType "blitz"]

1. e4 e5 2. Nf3 Nc6 3. c3 Nf6 4. d3 h6 5. g3 d5 6. Nbd2 Be6 7. Bg2 Qd7 8. O-O
O-O-O 9. b4 Kb8 10. b5 Na5 11. Nxe5 Qxb5 12. d4 Nxe4 13. Nxe4 dxe4 14. Bxe4 Bd5
15. Rb1 Qxf1+ 16. Kxf1 Bxe4 17. Rb5 Nc6 18. Nxf7 Bd6 19. Nxh8 {Time forfeit}
1-0

[Event "Rated Blitz game"]
[Site "?"]
[Date "2021.06.24"]
[Round "?"]
[White "l2aj"]
[Black "darkseiddd21"]
[Result "1-0"]
[WhiteElo "2530"]
[BlackElo "2353"]
[PlyCount "99"]
[EventDate "2021.??.??"]
[EventType "blitz"]

1. e4 e5 2. Nf3 Nc6 3. c3 d5 4. Bb5 f6 5. Qe2 Nge7 6. d4 dxe4 7. Qxe4 Bf5 8.
Bxc6+ bxc6 9. Qe2 e4 10. Nh4 Qd7 11. Nxf5 Qxf5 12. Nd2 Nd5 13. Qxe4+ Qxe4+ 14.
Nxe4 Be7 15. O-O O-O 16. Bd2 Rab8 17. b3 Ba3 18. c4 Ne7 19. Bf4 Rbc8 20. Rad1
Ng6 21. Bc1 Be7 22. d5 cxd5 23. Rxd5 f5 24. Nc3 Bd6 25. c5 Bf4 26. g3 Bxc1 27.
Rxc1 f4 28. Re1 f3 29. h4 Rce8 30. Kf1 Ne7 31. Rde5 Rf7 32. Nd5 Kf8 33. b4 c6
34. Nc7 Rc8 35. Ne6+ Ke8 36. Ng5 Rc7 37. Nxf7 Kxf7 38. R1e3 Nd5 39. Rxf3+ Kg6
40. g4 h6 41. a3 Rb7 42. Re6+ Kh7 43. Rxc6 a5 44. Rd6 Nf6 45. c6 Rb6 46. c7
Rxd6 47. c8=Q Rd1+ 48. Kg2 Rd7 49. Rxf6 Rd3 50. Qf5+ {Normal} 1-0

[Event "Rated Blitz game"]
[Site "?"]
[Date "2021.06.24"]
[Round "?"]
[White "Buzilo"]
[Black "ElGranPonySalvaje"]
[Result "0-1"]
[WhiteElo "2408"]
[BlackElo "2362"]
[PlyCount "62"]
[EventDate "2021.??.??"]
[EventType "blitz"]

1. e4 e5 2. Nf3 Nc6 3. c3 Nf6 4. d4 exd4 5. e5 Ne4 6. cxd4 d5 7. Bb5 Bb4+ 8.
Nbd2 Bxd2+ 9. Nxd2 Nxd2 10. Bxd2 O-O 11. Bxc6 bxc6 12. O-O Qh4 13. Bb4 Re8 14.
Qd2 Re6 15. f4 Rh6 16. g3 Qh5 17. Rf2 Bf5 18. Rc1 Be4 19. Rcf1 Qf5 20. Rc1 Rh3
21. Qe3 h5 22. Rxc6 h4 23. Rg2 Bxg2 24. Kxg2 hxg3 25. hxg3 Qh5 26. Qg1 Qg4 27.
Rc3 Rh6 28. Re3 Rb8 29. Bc3 a5 30. a3 a4 31. Bb4 Rbb6 {Normal} 0-1

[Event "Rated Blitz game"]
[Site "?"]
[Date "2021.06.24"]
[Round "?"]
[White "Ryba-Kit"]
[Black "zyxon"]
[Result "0-1"]
[WhiteElo "2302"]
[BlackElo "2484"]
[PlyCount "68"]
[EventDate "2021.??.??"]
[EventType "blitz"]

1. e4 e5 2. Nf3 Nc6 3. c3 d5 4. Qa4 Qd6 5. d4 exd4 6. e5 Qc5 7. Nxd4 Bd7 8. Bb5
Nxe5 9. Bxd7+ Nxd7 10. O-O O-O-O 11. b4 Qb6 12. Be3 Qa6 13. Qxa6 bxa6 14. Nc6
Re8 15. Nd2 Bd6 16. Nb3 Nb8 17. Nca5 Nf6 18. Bxa7 h5 19. h3 Ne4 20. Bd4 Rhg8
21. Rfe1 g5 22. Nc5 Bxc5 23. bxc5 c6 24. Re3 g4 25. hxg4 hxg4 26. Rae1 f5 27.
c4 f4 28. R3e2 f3 29. Re3 Re6 30. cxd5 cxd5 31. Rxe4 Rxe4 32. Rxe4 dxe4 33. Kf1
Rd8 34. Nb3 Nc6 {Time forfeit} 0-1

[Event "Rated Blitz tournament rAv0xum7"]
[Site "?"]
[Date "2021.06.24"]
[Round "?"]
[White "Fumitoks"]
[Black "eskeropouloss"]
[Result "0-1"]
[WhiteElo "2424"]
[BlackElo "2487"]
[PlyCount "96"]
[EventDate "2021.??.??"]
[EventType "blitz"]

1. e4 e5 2. Nf3 Nc6 3. c3 d5 4. Qa4 f6 5. d3 Be6 6. b4 a6 7. Be2 Nge7 8. O-O g5
9. Nbd2 Ng6 10. Nb3 b5 11. Qa3 d4 12. Nc5 Bxc5 13. bxc5 g4 14. Ne1 dxc3 15.
Qxc3 Nd4 16. Bd1 Rg8 17. Nc2 Nf3+ 18. Kh1 Ngh4 19. Ne3 Nd4 20. a4 c6 21. axb5
axb5 22. Rxa8 Qxa8 23. Nc2 Ndf3 24. d4 Bc4 25. Rg1 Nxg1 26. Kxg1 Qd8 27. Bb2 f5
28. d5 Nf3+ 29. Kh1 Nd4 30. Nxd4 exd4 31. Qxd4 fxe4 32. d6 Qg5 33. Bc3 Qd5 34.
h3 Qxd4 35. Bxd4 gxh3 36. gxh3 e3 37. Bh5+ Kd7 38. Bxe3 Bd5+ 39. f3 b4 40. Kh2
b3 41. Bd4 Rb8 42. Bb2 Ra8 43. Kg3 Ra2 44. Bf6 b2 45. Bg4+ Be6 46. Bxb2 Rxb2
47. Kf4 Bxg4 48. hxg4 Rc2 {Normal} 0-1

[Event "Rated Blitz game"]
[Site "?"]
[Date "2021.06.24"]
[Round "?"]
[White "Laga1979"]
[Black "e2m2c4c2p2"]
[Result "0-1"]
[WhiteElo "2231"]
[BlackElo "2405"]
[PlyCount "58"]
[EventDate "2021.??.??"]
[EventType "blitz"]

1. e4 e5 2. Nf3 Nc6 3. c3 Nf6 4. d4 d6 5. Be2 Be7 6. O-O Nxe4 7. d5 Bd7 8. dxc6
Bxc6 9. Nbd2 f5 10. Nxe4 Bxe4 11. Nd2 Bc6 12. b4 b6 13. a4 O-O 14. b5 Bb7 15.
a5 e4 16. a6 Bc8 17. Nxe4 Be6 18. Ng3 f4 19. Ne4 d5 20. Nd2 Bd6 21. Bf3 g5 22.
Nb3 Qf6 23. Nd4 Bf7 24. Ba3 Kh8 25. Bxd6 cxd6 26. Re1 Rg8 27. Bh5 g4 28. Bxf7
Qxf7 29. f3 h5 {Time forfeit} 0-1

[Event "Rated Blitz game"]
[Site "?"]
[Date "2021.06.24"]
[Round "?"]
[White "Mountain_Hiker"]
[Black "lemarzio"]
[Result "0-1"]
[WhiteElo "2448"]
[BlackElo "2465"]
[PlyCount "116"]
[EventDate "2021.??.??"]
[EventType "blitz"]

1. e4 e5 2. Nf3 Nc6 3. c3 d5 4. Qa4 f6 5. Bb5 Nge7 6. exd5 Qxd5 7. O-O a6 8.
Bc4 Qd6 9. d4 Bd7 10. Qb3 O-O-O 11. dxe5 Nxe5 12. Nxe5 Qxe5 13. Nd2 Nc6 14. Nf3
Qh5 15. Bf7 g6 16. Bf4 Na5 17. Qc2 Bg4 18. Nd4 Bd6 19. Bxd6 Rxd6 20. h3 Bd7 21.
Rad1 Rf8 22. Bb3 Kb8 23. Rfe1 Rd8 24. Qe2 Qxe2 25. Nxe2 Nxb3 26. axb3 Rxd1 27.
Rxd1 Kc8 28. Rd4 Be6 29. b4 Re8 30. Nf4 Bf5 31. g4 Bd7 32. Nd5 Re1+ 33. Kh2 Re2
34. Kg3 f5 35. Nf6 Bc6 36. gxf5 gxf5 37. Nxh7 Rxb2 38. h4 Rc2 39. Rd3 Be4 40.
Re3 f4+ 41. Kxf4 Bxh7 42. f3 Rh2 43. Kg5 b6 44. h5 a5 45. bxa5 bxa5 46. c4 a4
47. f4 Bc2 48. h6 Bb3 49. f5 Bxc4 50. f6 Rg2+ 51. Kf5 Bf7 52. h7 Bg6+ 53. Ke6
Bxh7 54. Ra3 Bg8+ 55. Ke7 Bb3 56. f7 Re2+ 57. Kf6 Rf2+ 58. Kg6 Rxf7 {Time
forfeit} 0-1

[Event "Rated Blitz tournament n92ABFnJ"]
[Site "?"]
[Date "2021.06.24"]
[Round "?"]
[White "LucaVialli"]
[Black "stambul65"]
[Result "1/2-1/2"]
[WhiteElo "2442"]
[BlackElo "2480"]
[PlyCount "107"]
[EventDate "2021.??.??"]
[EventType "blitz"]

1. e4 e5 2. Nf3 Nc6 3. c3 Nf6 4. d4 Nxe4 5. d5 Ne7 6. Nxe5 Ng6 7. Nc4 Bc5 8.
Be3 d6 9. Nbd2 Bxe3 10. Nxe3 Nxd2 11. Qxd2 O-O 12. O-O-O Qf6 13. g3 a5 14. f4
Re8 15. Bd3 Bd7 16. h4 b5 17. h5 Nf8 18. Bc2 b4 19. Rde1 bxc3 20. Qxc3 Qxc3 21.
bxc3 c6 22. Nc4 cxd5 23. Nxd6 Red8 24. Re7 Be6 25. Nf5 Rd7 26. Re1 g6 27. Rxd7
Nxd7 28. Nd4 Bg4 29. h6 Nf6 30. Re7 Re8 31. Ra7 Kf8 32. Nc6 Ng8 33. Ne5 Nxh6
34. Rxa5 f6 35. Nxg4 Nxg4 36. Rxd5 Ne3 37. Rd7 h5 38. Bb3 Re7 39. Rxe7 Kxe7 40.
a4 Nf5 41. a5 Kd6 42. Bf7 Nxg3 43. Kd2 h4 44. Ke3 g5 45. fxg5 fxg5 46. Kf3 Nf5
47. c4 Nd4+ 48. Kg4 Kc5 49. Bd5 Nb3 50. a6 Kb6 51. Kxg5 Kxa6 52. Kxh4 Kb6 53.
c5+ Kxc5 54. Bxb3 {Normal} 1/2-1/2

[Event "Rated Blitz game"]
[Site "?"]
[Date "2021.06.24"]
[Round "?"]
[White "Cachul"]
[Black "Oralbek_Khassenov"]
[Result "1-0"]
[WhiteElo "2405"]
[BlackElo "2262"]
[PlyCount "61"]
[EventDate "2021.??.??"]
[EventType "blitz"]

1. e4 e5 2. Nf3 Nc6 3. c3 g6 4. d4 exd4 5. cxd4 Bg7 6. d5 Ne5 7. Nd4 d6 8. Nc3
Ne7 9. Be2 O-O 10. O-O h6 11. f4 Nd7 12. Be3 Kh7 13. Bf3 Nf6 14. Qb3 a6 15.
Rac1 Rb8 16. Nde2 Bg4 17. Ba7 Bxf3 18. gxf3 Rc8 19. Qxb7 Nh5 20. Qxa6 Ng8 21.
Qd3 Qh4 22. Bf2 Qh3 23. Bg3 Rb8 24. b3 Nxg3 25. hxg3 Nf6 26. Rf2 Nh5 27. Rh2
Qd7 28. g4 Nf6 29. Kg2 Nxg4 30. fxg4 Qxg4+ 31. Qg3 {Normal} 1-0

[Event "Rated Blitz game"]
[Site "?"]
[Date "2021.06.23"]
[Round "?"]
[White "mikromurks"]
[Black "min2020"]
[Result "1-0"]
[WhiteElo "2514"]
[BlackElo "2344"]
[PlyCount "91"]
[EventDate "2021.??.??"]
[EventType "blitz"]

1. e4 e5 2. Nf3 Nc6 3. c3 Nf6 4. d4 d6 5. Be2 Be7 6. O-O O-O 7. Nbd2 h6 8. h3
Re8 9. Re1 Bf8 10. Bf1 g6 11. d5 Nb8 12. c4 a6 13. Rb1 a5 14. b3 c6 15. a3 cxd5
16. cxd5 Nbd7 17. b4 axb4 18. axb4 Nb6 19. Nb3 Bd7 20. Na5 Ba4 21. Qd3 Qd7 22.
Be3 Nc8 23. Rec1 Ne7 24. Nd2 Reb8 25. Bb6 Nc8 26. Bc7 b6 27. Bxb8 Rxb8 28. Nc6
Ra8 29. b5 Na7 30. Qa3 Nxc6 31. bxc6 Qc7 32. Bb5 Bxb5 33. Qxa8 Bd3 34. Qb7 Ne8
35. Qxc7 Nxc7 36. Rxb6 Be7 37. Rc3 Be2 38. Rb7 Bd8 39. Ra3 Kf8 40. Raa7 Nb5 41.
Rxf7+ Ke8 42. Rad7 g5 43. c7 Nxc7 44. Rxc7 Bh5 45. Rh7 Bg6 46. Rh8# {Normal}
1-0

[Event "Rated Rapid game"]
[Site "?"]
[Date "2021.06.23"]
[Round "?"]
[White "Kamsky-2"]
[Black "subtome"]
[Result "0-1"]
[WhiteElo "2274"]
[BlackElo "2427"]
[PlyCount "76"]
[EventDate "2021.??.??"]
[EventType "rapid"]

1. e4 e5 2. Nf3 Nc6 3. c3 d5 4. exd5 Qxd5 5. d4 exd4 6. h3 Bf5 7. cxd4 Bxb1 8.
Rxb1 Bb4+ 9. Bd2 Bxd2+ 10. Qxd2 O-O-O 11. Rd1 Nf6 12. Be2 Ne4 13. Qf4 Qa5+ 14.
Kf1 Nf6 15. a3 Rhe8 16. b4 Qxa3 17. b5 Nb4 18. Bc4 Nbd5 19. Qf5+ Kb8 20. Kg1
Qc3 21. Ne5 g6 22. Qg5 Ne4 23. Qh4 Qc2 24. Kh2 g5 25. Qxh7 Rxe5 26. Bd3 Qxf2
27. dxe5 Qg3+ 28. Kg1 Nd2 29. Be4 Ne3 30. Rxd2 Qe1+ 31. Kh2 Qxd2 32. Rg1 Qd4
33. Bf3 Qxe5+ 34. Kh1 Nf5 35. Rc1 Ng3+ 36. Kh2 Ne2+ 37. Kh1 Nxc1 38. Qc2 Nd3 {
Time forfeit} 0-1

[Event "Rated Blitz game"]
[Site "?"]
[Date "2021.06.23"]
[Round "?"]
[White "blunder_ata"]
[Black "KulTim"]
[Result "1-0"]
[WhiteElo "2404"]
[BlackElo "2249"]
[PlyCount "113"]
[EventDate "2021.??.??"]
[EventType "blitz"]

1. e4 e5 2. Nf3 Nc6 3. c3 d5 4. Qa4 f6 5. Bb5 Nge7 6. exd5 Qxd5 7. O-O Bd7 8.
d4 e4 9. Nfd2 a6 10. Bc4 Qf5 11. Qc2 b5 12. Bb3 e3 13. fxe3 Qxc2 14. Bxc2 O-O-O
15. Nf3 Ng6 16. e4 Kb7 17. Be3 Bd6 18. Nbd2 Bf4 19. Bxf4 Nxf4 20. Rae1 Rhe8 21.
Nb3 Nb8 22. Nc5+ Kc8 23. e5 Ne6 24. Nxd7 Nxd7 25. exf6 gxf6 26. Bxh7 Nf4 27.
Bf5 Rxe1 28. Rxe1 Kb7 29. g3 Nd5 30. Be4 c6 31. Bxd5 cxd5 32. Re7 Kc6 33. Kf2
a5 34. Nh4 b4 35. Nf5 bxc3 36. bxc3 Rb8 37. h4 Rb2+ 38. Re2 Rb1 39. h5 Rh1 40.
Nh4 f5 41. h6 Kd6 42. h7 Nf6 43. h8=Q Ng4+ 44. Kg2 Rh2+ 45. Kg1 Rxe2 46. Nxf5+
Kd7 47. Qg7+ Ke6 48. Qxg4 Re4 49. Qg6+ Kd7 50. Qd6+ Ke8 51. Ng7+ Kf7 52. Nf5
Re6 53. Qxd5 Kf6 54. Qxa5 Re2 55. Nh4 Ke6 56. Qb6+ Kd7 57. Qb5+ {Time forfeit}
1-0

[Event "Rated Blitz game"]
[Site "?"]
[Date "2021.06.23"]
[Round "?"]
[White "mandarria"]
[Black "Rvlc"]
[Result "1-0"]
[WhiteElo "2426"]
[BlackElo "2422"]
[PlyCount "71"]
[EventDate "2021.??.??"]
[EventType "blitz"]

1. e4 e5 2. Nf3 Nc6 3. c3 d5 4. Qa4 dxe4 5. Nxe5 Bd7 6. Nxd7 Qxd7 7. Qxe4+ Be7
8. Bb5 Nf6 9. Bxc6 bxc6 10. Qe2 O-O 11. O-O c5 12. d3 Rad8 13. Rd1 Rfe8 14. Qf3
Nd5 15. Na3 Bf6 16. Nc4 Nb6 17. Ne3 Qa4 18. b3 Qa6 19. Nc4 Bxc3 20. Rb1 Qxa2
21. Bf4 Nd5 22. g3 Bd4 23. Kg2 Re2 24. Rf1 h6 25. h4 Rde8 26. Qxd5 Rxf2+ 27.
Rxf2 Qxf2+ 28. Kh3 Re2 29. h5 Re6 30. b4 Qe2 31. bxc5 Qxd3 32. Rc1 c6 33. Qd8+
Kh7 34. Qh4 Qf5+ 35. Qg4 Re2 36. Qxf5+ {Normal} 1-0

[Event "Rated Blitz game"]
[Site "?"]
[Date "2021.06.23"]
[Round "?"]
[White "blunder_ata"]
[Black "Ertau"]
[Result "1/2-1/2"]
[WhiteElo "2419"]
[BlackElo "2249"]
[PlyCount "98"]
[EventDate "2021.??.??"]
[EventType "blitz"]

1. e4 e5 2. Nf3 Nc6 3. c3 d5 4. Qa4 dxe4 5. Nxe5 Bd7 6. Nxd7 Qxd7 7. Bb5 Nf6 8.
O-O Bd6 9. Bxc6 bxc6 10. h3 O-O 11. d4 exd3 12. Bg5 Nd5 13. Qd4 Nb6 14. Kh1 Qf5
15. Be3 Nd5 16. Nd2 c5 17. Qe4 Qxe4 18. Nxe4 c4 19. b3 cxb3 20. axb3 f5 21.
Nxd6 cxd6 22. Bd4 Rfc8 23. c4 Nf4 24. g3 Nxh3 25. f4 g5 26. Kg2 g4 27. Rad1 a5
28. Rxd3 a4 29. bxa4 Rxa4 30. Re1 Rcxc4 31. Bf6 Rxf4 32. Rxd6 Rf2+ 33. Kh1 Raa2
34. Re8+ Kf7 35. Re7+ Kg6 36. Bd4+ Kg5 37. Rg7+ Kh5 38. Rxh7+ Kg5 39. Rg7+ Kh5
40. Bxf2 Rxf2 41. Rd8 Rf1+ 42. Kg2 Rg1+ 43. Kh2 Kh6 44. Rdg8 Ra1 45. Rg6+ Kh7
46. R8g7+ Kh8 47. Rg8+ Kh7 48. R8g7+ Kh8 49. Rg8+ Kh7 {Normal} 1/2-1/2

[Event "Rated Blitz game"]
[Site "?"]
[Date "2021.06.23"]
[Round "?"]
[White "Medion72"]
[Black "Mikhail_Linker"]
[Result "1-0"]
[WhiteElo "2454"]
[BlackElo "2542"]
[PlyCount "157"]
[EventDate "2021.??.??"]
[EventType "blitz"]

1. e4 e5 2. Nf3 Nc6 3. c3 Nf6 4. d4 d5 5. exd5 Qxd5 6. Nxe5 Nxe5 7. Qe2 Bd6 8.
dxe5 Qxe5 9. Qxe5+ Bxe5 10. Nd2 Bf5 11. Nf3 Bd6 12. Bb5+ c6 13. Bc4 O-O 14. O-O
Rad8 15. Bg5 Rfe8 16. Bxf6 gxf6 17. Rfe1 Kg7 18. Nd4 Bg6 19. Bb3 Bc5 20. Nf3 a5
21. Rad1 Rxd1 22. Bxd1 Rxe1+ 23. Nxe1 b5 24. Bc2 a4 25. Kf1 a3 26. b3 Bd6 27.
g3 Be5 28. c4 bxc4 29. bxc4 f5 30. f4 Bc3 31. Nf3 f6 32. Nh4 Kf8 33. Bxf5 Bf7
34. Bd3 Ke7 35. Ke2 Kd6 36. Kd1 Kc5 37. Kc2 Bb2 38. Kb3 Kd4 39. Bf1 Ke3 40. Bh3
Kd3 41. Bf1+ Kd2 42. Nf5 Kc1 43. Bd3 Kd2 44. Be4 Be6 45. Ne7 Bh3 46. Bxh7 Bf1
47. Bg8 Be2 48. Nxc6 Bd1+ 49. Kb4 Kc2 50. c5 Kb1 51. Bb3 Be2 52. Ka4 Bc1 53.
Nb4 Kb2 54. c6 Be3 55. c7 Ba6 56. c8=Q Bxc8 57. Nd5 Bd7+ 58. Kb4 Bd2+ 59. Kc4
Be1 60. Nb4 Ka1 61. Nc2+ Kb1 62. Nxe1 Kc1 63. Nd3+ Kd2 64. Nb4 Ke2 65. Nd5 Kf2
66. Nxf6 Kg2 67. Nxd7 Kxh2 68. Nc5 Kxg3 69. Kb4 Kxf4 70. Kxa3 Ke3 71. Kb4 Kd4
72. a4 Ke5 73. a5 Kf4 74. a6 Ke3 75. a7 Kd2 76. a8=Q Kc1 77. Qd5 Kb1 78. Qd2
Ka1 79. Qa2# {Normal} 1-0

[Event "Rated Blitz game"]
[Site "?"]
[Date "2021.06.23"]
[Round "?"]
[White "Fredy_06"]
[Black "eabr78"]
[Result "0-1"]
[WhiteElo "2210"]
[BlackElo "2666"]
[PlyCount "88"]
[EventDate "2021.??.??"]
[EventType "blitz"]

1. e4 e5 2. Nf3 Nc6 3. c3 Nf6 4. d4 exd4 5. e5 Ne4 6. Bd3 Nc5 7. cxd4 Nxd3+ 8.
Qxd3 d6 9. Bf4 dxe5 10. Bxe5 f6 11. Bg3 Bd6 12. Nc3 O-O 13. O-O Re8 14. Rae1
Bg4 15. Rxe8+ Qxe8 16. Bxd6 cxd6 17. h3 Bh5 18. Re1 Qd7 19. Nd2 Bg6 20. Qc4+ d5
21. Qxd5+ Qxd5 22. Nxd5 Rd8 23. Ne7+ Nxe7 24. Rxe7 Rxd4 25. Nf3 Rb4 26. b3 a5
27. Re3 a4 28. Nd2 b5 29. Rc3 axb3 30. Rxb3 Rxb3 31. axb3 Kf7 32. Kf1 Ke6 33.
Ke2 Kd5 34. Ke3 Bc2 35. b4 g5 36. g3 h5 37. f4 g4 38. h4 f5 39. Nf1 Kc4 40. Kd2
Be4 41. Ne3+ Kxb4 42. Nd1 Kc4 43. Nc3 b4 44. Nxe4 fxe4 {Normal} 0-1

[Event "Rated Blitz game"]
[Site "?"]
[Date "2021.06.23"]
[Round "?"]
[White "khatkevich71"]
[Black "Pepsi_Ymbi"]
[Result "0-1"]
[WhiteElo "2376"]
[BlackElo "2440"]
[PlyCount "74"]
[EventDate "2021.??.??"]
[EventType "blitz"]

1. e4 e5 2. Nf3 Nc6 3. c3 d5 4. exd5 Qxd5 5. d4 Bg4 6. Be2 exd4 7. cxd4 Bb4+ 8.
Nc3 Bxf3 9. Bxf3 Qc4 10. Bd2 Nxd4 11. Bxb7 Rb8 12. Qa4+ c6 13. O-O-O Rxb7 14.
Rhe1+ Ne7 15. Be3 Nb5 16. Bd2 O-O 17. Re4 Nxc3 18. Rxc4 Nxa4 19. Bxb4 Nb6 20.
Re4 Nbd5 21. Bc5 Rc8 22. Rde1 Rcc7 23. b4 f6 24. g4 Kf7 25. f4 Ng6 26. f5 Ne5
27. Kc2 Rd7 28. a3 Rb5 29. g5 a5 30. h4 axb4 31. axb4 Rdb7 32. h5 Nxb4+ 33.
Bxb4 Rxb4 34. g6+ hxg6 35. fxg6+ Ke6 36. Rxb4 Rxb4 37. Rg1 Rh4 {Normal} 0-1

[Event "Rated Blitz game"]
[Site "?"]
[Date "2021.06.23"]
[Round "?"]
[White "Buzilo"]
[Black "Dubatologist"]
[Result "0-1"]
[WhiteElo "2426"]
[BlackElo "2410"]
[PlyCount "64"]
[EventDate "2021.??.??"]
[EventType "blitz"]

1. e4 e5 2. Nf3 Nc6 3. c3 Nf6 4. d4 exd4 5. e5 Ne4 6. cxd4 d5 7. Bb5 Bd7 8. O-O
a6 9. Ba4 Be7 10. Nc3 Nxc3 11. bxc3 b5 12. Bc2 h6 13. Bf4 Na5 14. Re1 Be6 15.
h3 Nc4 16. Qe2 c6 17. Nd2 Nxd2 18. Bxd2 Qd7 19. a4 O-O 20. Qd3 g6 21. Bxh6 Rfb8
22. Qe3 a5 23. Bg5 b4 24. Bxe7 Qxe7 25. Rab1 Rb7 26. cxb4 Rxb4 27. Rec1 Rab8
28. Bd3 Bd7 29. Rxb4 Rxb4 30. Rb1 Rxa4 31. Qh6 Qf8 32. Qg5 Rb4 {Time forfeit}
0-1

[Event "Rated Blitz game"]
[Site "?"]
[Date "2021.06.23"]
[Round "?"]
[White "bkara"]
[Black "begeisterungsfahig"]
[Result "1/2-1/2"]
[WhiteElo "2532"]
[BlackElo "2488"]
[PlyCount "100"]
[EventDate "2021.??.??"]
[EventType "blitz"]

1. e4 e5 2. Nf3 Nc6 3. c3 d5 4. Qa4 f6 5. Bb5 Nge7 6. exd5 Qxd5 7. O-O Bd7 8.
d4 a6 9. c4 Qf7 10. d5 Ra7 11. dxc6 bxc6 12. Bxa6 Bc8 13. Be3 Rxa6 14. Qb3 Ra8
15. Nc3 Nf5 16. Rfe1 Nxe3 17. Rxe3 Bc5 18. Ree1 O-O 19. Ne4 Be7 20. Qc2 Bg4 21.
Nfd2 Rfd8 22. Ng3 Bb4 23. Ngf1 Qg6 24. Qxg6 hxg6 25. h3 Bxd2 26. Nxd2 Rxd2 27.
hxg4 Rxb2 28. Red1 Raxa2 29. Rxa2 Rxa2 30. Rd7 Rc2 31. Rxc7 Rxc4 32. g5 c5 33.
f3 Rc1+ 34. Kh2 c4 35. gxf6 gxf6 36. Kg3 f5 37. Kh4 Rg1 38. g4 fxg4 39. fxg4 e4
40. Rxc4 e3 41. Re4 Re1 42. Kg5 Kf7 43. Re5 e2 44. Re3 Ra1 45. Rxe2 Ra5+ 46.
Kh6 Ra4 47. Rf2+ Kg8 48. g5 Rh4+ 49. Kxg6 Ra4 50. Rb2 Ra8 {Normal} 1/2-1/2

[Event "Rated Blitz game"]
[Site "?"]
[Date "2021.06.23"]
[Round "?"]
[White "khatkevich71"]
[Black "akhairat"]
[Result "1-0"]
[WhiteElo "2401"]
[BlackElo "2427"]
[PlyCount "91"]
[EventDate "2021.??.??"]
[EventType "blitz"]

1. e4 e5 2. Nf3 Nc6 3. c3 d5 4. exd5 Qxd5 5. d4 exd4 6. cxd4 Nf6 7. Nc3 Bb4 8.
Be2 O-O 9. O-O Qd6 10. d5 Ne5 11. Nxe5 Qxe5 12. Bc4 Bxc3 13. bxc3 Qxc3 14. Qb3
Qxa1 15. Bb2 Qxf1+ 16. Kxf1 b6 17. Bxf6 gxf6 18. Qg3+ Kh8 19. Qxc7 Bf5 20. Qe7
Kg7 21. f3 Rac8 22. Bb3 a5 23. d6 b5 24. g4 Bd3+ 25. Kf2 a4 26. d7 Rc7 27. d8=Q
Rxe7 28. Qxe7 axb3 29. axb3 Rc8 30. Kg3 Rc3 31. Qb4 Rc2 32. Qd4 Rd2 33. g5 Kf8
34. Qxf6 Bg6 35. h4 Rd3 36. h5 Bxh5 37. Qh6+ Kg8 38. Qxh5 Rxb3 39. Qh6 Rb1 40.
Qb6 b4 41. Kf4 b3 42. Kf5 Kg7 43. Qd4+ Kf8 44. Kf6 Ke8 45. Qe4+ Kd7 46. Qxb1 {
Normal} 1-0

[Event "Rated Blitz game"]
[Site "?"]
[Date "2021.06.23"]
[Round "?"]
[White "Buzilo"]
[Black "Indian_cat"]
[Result "0-1"]
[WhiteElo "2420"]
[BlackElo "2387"]
[PlyCount "64"]
[EventDate "2021.??.??"]
[EventType "blitz"]

1. e4 e5 2. Nf3 Nc6 3. c3 Nf6 4. d4 Nxe4 5. d5 Bc5 6. dxc6 Bxf2+ 7. Ke2 Bb6 8.
Be3 bxc6 9. Bxb6 axb6 10. Nbd2 Nxd2 11. Kxd2 O-O 12. Kc2 e4 13. Nd4 c5 14. Ne2
d5 15. Nf4 d4 16. Bc4 Qg5 17. Rf1 d3+ 18. Kd2 Re8 19. Ke3 c6 20. Qh5 Qxh5 21.
Nxh5 Be6 22. Bxe6 Rxe6 23. Nf4 Re7 24. a3 c4 25. h4 f5 26. Rad1 g6 27. Rd2 b5
28. Rg1 Kg7 29. g4 Rf8 30. h5 g5 31. gxf5 Kh6 32. Ne6 Rxf5 {Time forfeit} 0-1

[Event "Rated Blitz game"]
[Site "?"]
[Date "2021.06.23"]
[Round "?"]
[White "Ludwig32"]
[Black "BTR-07"]
[Result "0-1"]
[WhiteElo "2490"]
[BlackElo "2524"]
[PlyCount "62"]
[EventDate "2021.??.??"]
[EventType "blitz"]

1. e4 e5 2. Nf3 Nc6 3. c3 f5 4. d4 fxe4 5. Nxe5 Nf6 6. Be2 d5 7. O-O Bd6 8. Bf4
O-O 9. Bg3 Qe8 10. Nxc6 bxc6 11. Bxd6 cxd6 12. Na3 Qg6 13. Kh1 Ng4 14. Bxg4
Bxg4 15. Qd2 Rf6 16. Nc2 Qh5 17. Ne3 Bf3 18. Rg1 Rh6 19. Nf1 Bg4 20. Re1 Rf8
21. Re3 Rff6 22. h3 Bf3 23. Kh2 Rfg6 24. Ng3 Qh4 25. Rh1 Qf4 26. Kg1 Rxg3 27.
fxg3 Qxg3 28. Qf2 Qg5 29. h4 Qg4 30. Rh3 Rg6 31. g3 Qxh3 {Time forfeit} 0-1

[Event "Rated Blitz game"]
[Site "?"]
[Date "2021.06.23"]
[Round "?"]
[White "wader51"]
[Black "topor7417"]
[Result "1-0"]
[WhiteElo "2470"]
[BlackElo "2476"]
[PlyCount "39"]
[EventDate "2021.??.??"]
[EventType "blitz"]

1. e4 e5 2. Nf3 Nc6 3. c3 Nf6 4. d4 Nxe4 5. d5 Ne7 6. Nxe5 Ng6 7. Nc4 Bc5 8.
Be3 O-O 9. Bxc5 Nxc5 10. d6 Re8+ 11. Be2 Nf4 12. Ne3 Ne4 13. dxc7 Qh4 14. O-O
d6 15. Bf3 Bh3 16. Bxe4 Rxe4 17. Qxd6 Nxg2 18. Rd1 Nxe3 19. Qd8+ Re8 20. Qxh4 {
Normal} 1-0